| 000 | 01470nam a22002897a 4500 | ||
|---|---|---|---|
| 001 | BRCA_9172 | ||
| 003 | FranzMayer | ||
| 005 | 20220809124948.0 | ||
| 008 | 220627b |||||||| |||| 00| 0 eng d | ||
| 020 | _a9786072710375 | ||
| 040 |
_bspa _cMFM |
||
| 041 | 0 | _aspa | |
| 050 |
_aRA452. _bN68 M35 2019 |
||
| 100 |
_aTovar Esquivel, Enrique _eautor _928358 |
||
| 245 | 1 | 0 |
_aMalos olores _baromas corruptos, malsanos hedores y otros virulentos humores en la historia de los regiomontanos _cEnrique Tovar Esquivel |
| 250 | _aPrimera edición | ||
| 260 |
_aMonterrey, Nuevo León, México _bUniversidad Autónoma de Nuevo León _c2019 |
||
| 300 |
_a350 p. _bilustraciones b/n _c14 x 21 cm |
||
| 490 | _aDocumentos | ||
| 500 | _aUbicación: L60-N1 | ||
| 504 | _aIncluye referencias bibliográficas (332-348 p.) | ||
| 520 | _aNunca en la historia de Monterrey el olor llegó de la misma manera. En este libro se presenta la investigación sobre el mal olor que se encuentra en la vida cotidiana de los regiomontanos y en la geografía de la ciudad de Monterrey, donde no solo se menciona la clara carga odorante, sino que reconsidera dentro de un mundo simbólico la corrupción del aroma que indica inmoralidad, maldad, enfermedad y muerte. | ||
| 650 | 1 | 0 |
_aAire _xContaminación _xHistoria _zMonterrey _zMéxico _928359 |
| 650 | 1 | 0 |
_aUsos del suelo _xHistoria _zMéxico _zMonterrey _928360 |
| 650 | 1 | 0 |
_aMonterrey _bMéxico _xCondiciones ambientales _928361 |
| 942 |
_2lcc _cB |
||
| 999 |
_c10791 _d10791 |
||